[Event "Asti op 16th"]
[Site "Asti"]
[Date "1995.??.??"]
[Round "5"]
[White "Bianco, Valerio"]
[Black "Maccagno, Giancarlo"]
[Result "1/2-1/2"]
[WhiteElo "2205"]
[BlackElo "2210"]
[PlyCount "39"]
[EventDate "1995.??.??"]
[EventType "swiss"]
[EventRounds "9"]
[EventCountry "ITA"]
[SourceTitle "EXT 1997"]
[Source "ChessBase"]
[SourceDate "1996.11.15"]
[SourceVersion "1"]
[SourceVersionDate "1996.11.15"]
[SourceQuality "1"]

1. Nf3 g6 2. g3 Bg7 3. Bg2 e5 4. d3 d6 5. 0-0 c5 6. e4 Nc6 7. Nc3 Nge7 8. Nh4 Nd4 9. f4 exf4 10. gxf4 Nec6 11. Nf3 Bg4 12. Nd5 0-0 13. c3 Nxf3+ 14. Bxf3 Bh3 15. Re1 b5 16. Be3 Ne7 17. Nxe7+ Qxe7 18. d4 Rac8 19. dxc5 dxc5 20. Qe2 1/2-1/2